000 02570nam a2200385 i 4500
001 000020741
003 DO-SdBNP
005 20250909132531.0
007 ta
008 100813s2015 dr ac r 000 0 spa d
020 _a9789993431497
040 _aDO-SdBNP
_bspa
_cBNPHU
_erda
041 1 7 _aspa
_heng
082 4 _a923.27293
_bD812j
_222
245 0 0 _aJuan Pablo Duarte :
_bthe humanist : el humanista /
_ca bilingual selection of his writings = selección bilingue de sus escritos ; editores compiladoras, Rhina P. Espaillat, Sarah Aponte ; prólogo, Ramona Hernández.
264 1 _aSanto Domingo :
_bBiblioteca Nacional Pedro Henríquez Ureña,
_c2015.
300 _a193 páginas :
_bilustraciones, retratos ;
_c26 cm.
336 _2rdacontent
_atexto
_btxt
337 _2rdamedia
_asin mediación
_bn
338 _2rdacarrier
_avolumen
_bnc
500 _aIncluye referencias bibliográficas y notas al pie de las páginas
504 _aBibliografía: páginas 176-185
505 _aIntroducción a Duarte, su era y su sitio: un ejercicio para la imaginación --
_tBiografía de Juan Pablo Duarte y Díez --
_tDocumentos selectos--
_tSelección de poemas por Juan Pablo Duarte --
_tEnsayo final : Duarte en las Américas --
_tMaterial curricular --
_tcontribuidores --
_tJuan Pablo Duarte : bibliografía selecta --
_tSelección de imágenes
505 _a"Al igual que sus cartas, proclamas, poemas y otros textos trascendentes que escribió, incluida la Constitución inconclusa que tituló Ley Fundacional, esta obra sitúa a Juan Pablo Duarte, el Padre de la Nación Dominicana, en sus dimensiones auténticas, funcionando como una especie de Biografía apasionante: alimentado por las ideas más avanzadas de su tiempo luego de sus estudios en Estados Unidos y Europa durante su adolescencia, este hombre extraordinario fundó La Trinitaria con el fin de lograr su objetivo de la independencia dominicana de la ocupación haitiana en 1844.
600 1 4 _aDuarte, Juan Pablo
_d1813-1876
_91494
600 1 0 _aDuarte, Juan Pablo,
_d1813-1876
_vCorrespondencias
_91494
600 1 0 _aDuarte, Juan Pablo,
_d1813-1876
_xPoesía
_vBibliografía
_91494
650 4 _aEstadistas
_zRepública Dominicana
_vBiografías
_945404
651 4 _aRepública Dominicana
_xHistoria
_y1844-1930
_vBibliografías
_982119
700 1 _aEspaillat, Rhina P.,
_q(Rhina Polonia),
_d1932-
_ecompiladora
_943497
700 1 2 _aAponte, Sarah,
_ecompiladora
_943498
700 1 2 _aHernández, Ramona,
_eprólogo
_910103
910 _aValidado. Control de calidad MFF
942 _2ddc
_cLBS1
999 _c20245
_d20245